The adventures of Huckleberry Finn / (Record no. 30526)

MARC details
000 -LEADER
fixed length control field 00945nam a22002537a 4500
005 - DATE AND TIME OF LATEST TRANSACTION
control field 2009092204464.0
008 - FIXED-LENGTH DATA ELEMENTS--GENERAL INFORMATION
fixed length control field 090922t xxu||||| |||| 00| 0 eng d
010 ## - LCCN (DPL NO)
LC control number B-358139
020 ## - INTERNATIONAL STANDARD BOOK NUMBER
International Standard Book Number 8188540269
Terms of availability 200.00
035 ## - SYSTEM CONTROL NUMBER
System control number B-358139
037 ## - SOURCE OF ACQUISITION
Source of stock number/acquisition DBAD / PUB
040 ## - CATALOGING SOURCE
Original cataloging agency dpl
Language of cataloging English
082 ## - DEWEY DECIMAL CLASSIFICATION NUMBER
Classification number S
100 ## - MAIN ENTRY--PERSONAL NAME
Personal name Twain, Mark
245 ## - TITLE STATEMENT
Title The adventures of Huckleberry Finn /
Statement of responsibility, etc by Mark Twain; edited & compiled by Reema Prashar; illustrated by Shankar Nayak
260 ## - PUBLICATION, DISTRIBUTION, ETC. (IMPRINT)
Place of publication, distribution, etc Delhi
Name of publisher, distributor, etc R.K. Publishers & Distributors
Date of publication, distribution, etc 2007
270 ## - ADDRESS
Address L-45, Gali No.5 Shivaji Marg, Kartar Nagar,
City Delhi
Postal code 110053
300 ## - PHYSICAL DESCRIPTION
Extent 176p.:
Other physical details ill.
Dimensions 22cm(Hb)
490 ## - SERIES STATEMENT
Series statement Sliver bell children classics
700 ## - ADDED ENTRY--PERSONAL NAME
Personal name Prashar, Reema
700 ## - ADDED ENTRY--PERSONAL NAME
Personal name Nayak, Shankar
942 ## - ADDED ENTRY ELEMENTS (KOHA)
Source of classification or shelving scheme Dewey Decimal Classification
Item type Children Books
Classification part S
Call number suffix TWA
Holdings
Withdrawn status Lost status Source of classification or shelving scheme Damaged status Not for loan Collection code Home library Current library Date acquired Source of acquisition Cost, normal purchase price Total Checkouts Full call number Barcode Date last seen Copy number Cost, replacement price Koha item type
  Written-off vide DLB M. No. 383 dt 16.05.19 Dewey Decimal Classification     Fiction Janak Puri Janak Puri 22/09/2009 DBAD / PUB 200.00 7 S TWA B-358139 28/06/2018 1 200.00 Children Books

© Delhi Public Library
Hit Counter
free hit counter